<?xml version="1.0" encoding="UTF-8"?>
<record
    xmlns:xsi="http://www.w3.org/2001/XMLSchema-instance"
    xsi:schemaLocation="http://www.loc.gov/MARC21/slim http://www.loc.gov/standards/marcxml/schema/MARC21slim.xsd"
    xmlns="http://www.loc.gov/MARC21/slim">

  <leader>03267nam a22004337u 4500</leader>
  <controlfield tag="001">pwiiw3660</controlfield>
  <controlfield tag="003">OSt</controlfield>
  <controlfield tag="005">20260516120049.0</controlfield>
  <controlfield tag="008">151014t2015    au ||||| |||||||| ||ger d</controlfield>
  <datafield tag="040" ind1=" " ind2=" ">
    <subfield code="c">OSt</subfield>
  </datafield>
  <datafield tag="041" ind1=" " ind2=" ">
    <subfield code="a">ger</subfield>
  </datafield>
  <datafield tag="084" ind1=" " ind2=" ">
    <subfield code="a">E27</subfield>
    <subfield code="a">H54</subfield>
    <subfield code="a">O18</subfield>
    <subfield code="2">jelc</subfield>
  </datafield>
  <datafield tag="100" ind1="1" ind2=" ">
    <subfield code="a">Holzner, Mario</subfield>
  </datafield>
  <datafield tag="245" ind1="1" ind2="0">
    <subfield code="a">Infrastrukturinvestitionen am Westbalkan</subfield>
  </datafield>
  <datafield tag="260" ind1=" " ind2=" ">
    <subfield code="a">Wien :</subfield>
    <subfield code="b">Wiener Institut f&#xFC;r Internationale Wirtschaftsvergleiche (wiiw),</subfield>
    <subfield code="c">2015.</subfield>
  </datafield>
  <datafield tag="300" ind1=" " ind2=" ">
    <subfield code="a">51 S., </subfield>
    <subfield code="b">18 Tables and 31 Figures,</subfield>
    <subfield code="c">30cm.</subfield>
  </datafield>
  <datafield tag="490" ind1="1" ind2=" ">
    <subfield code="a">wiiw Research Reports in German Language</subfield>
    <subfield code="v">2</subfield>
  </datafield>
  <datafield tag="520" ind1=" " ind2=" ">
    <subfield code="a">Zusammenfassung

Infrastrukturinvestitionen am Westbalkan

Obgleich am Westbalkan in den letzten Jahren ein gewisser Aufholprozess bei der Errichtung von Verkehrsinfrastruktur zu verzeichnen war, bleibt die Eisenbahndichte gering und die Autobahndichte noch geringer. Auch der Nachholbedarf bei Energieinfrastruktur ist substantiell. Die aktuelle Initiative der &#x201E;Core Network and Priority Projects&#x201C;&#xA0; im Rahmen des &#x201E;Berlin-Prozesses&#x201C; sollte kurz- und mittelfristig Wachstum und Besch&#xE4;ftigung in der Region sichern und l&#xE4;ngerfristig zu einer wesentlichen Verbesserung der Wettbewerbsf&#xE4;higkeit am Westbalkan beitragen. So konnte in der Analyse gezeigt werden, dass ein umfassendes Transportinfrastruktur-Investitionspaket von 7,7 Mrd. Euro &#xFC;ber einen Zeitraum von 15 Jahren hinweg zu einem zus&#xE4;tzlichen Wachstumsschub von bis zu einem Prozentpunkt j&#xE4;hrlich f&#xFC;r die sechs Westbalkanl&#xE4;nder f&#xFC;hren k&#xF6;nnte. Etwa 200.000 neue Arbeitspl&#xE4;tze k&#xF6;nnten in der Region geschaffen werden.

&#xA0;

English Summary

Infrastructure Investment in the Western Balkans

Although a certain amount of catching-up in the Western Balkans has been recorded in the construction of transport infrastructure in recent years, the railway density remains low and the motorway density is even lower. Also, the deficiency in energy infrastructure is substantial. The current initiative of the &#x2018;Core Network and Priority Projects&#x2019; in the context of the &#x2018;Berlin Process&#x2019; should secure growth and employment in the region over the short and medium term and contribute to a substantial improvement of competitiveness of the Western Balkans in the long term. It is shown in the analysis that a comprehensive transport infrastructure investment package of EUR 7.7 billion over a period of 15 years could lead to an additional growth spurt of up to one percentage point per annum for the six Western Balkan countries. Some 200,000 new jobs could be created in the region.
</subfield>
  </datafield>
  <datafield tag="650" ind1=" " ind2=" ">
    <subfield code="a">infrastructure</subfield>
  </datafield>
  <datafield tag="650" ind1=" " ind2=" ">
    <subfield code="a">public investment</subfield>
  </datafield>
  <datafield tag="650" ind1=" " ind2=" ">
    <subfield code="a">economic development</subfield>
  </datafield>
  <datafield tag="650" ind1=" " ind2=" ">
    <subfield code="a">simulation model</subfield>
  </datafield>
  <datafield tag="650" ind1=" " ind2=" ">
    <subfield code="a">Berlin Process</subfield>
  </datafield>
  <datafield tag="650" ind1=" " ind2=" ">
    <subfield code="a">Western Balkans</subfield>
  </datafield>
  <datafield tag="651" ind1=" " ind2=" ">
    <subfield code="a">Albania</subfield>
  </datafield>
  <datafield tag="651" ind1=" " ind2=" ">
    <subfield code="a">Bosnia and Herzegovina</subfield>
  </datafield>
  <datafield tag="651" ind1=" " ind2=" ">
    <subfield code="a">Kosovo</subfield>
  </datafield>
  <datafield tag="651" ind1=" " ind2=" ">
    <subfield code="a">North Macedonia</subfield>
  </datafield>
  <datafield tag="651" ind1=" " ind2=" ">
    <subfield code="a">Montenegro</subfield>
  </datafield>
  <datafield tag="651" ind1=" " ind2=" ">
    <subfield code="a">Serbia</subfield>
  </datafield>
  <datafield tag="690" ind1=" " ind2=" ">
    <subfield code="a">Macroeconomic Analysis and Policy</subfield>
  </datafield>
  <datafield tag="690" ind1=" " ind2=" ">
    <subfield code="a">Labour, Migration and Income Distribution</subfield>
  </datafield>
  <datafield tag="690" ind1=" " ind2=" ">
    <subfield code="a">International Trade, Competitiveness and FDI</subfield>
  </datafield>
  <datafield tag="700" ind1="1" ind2=" ">
    <subfield code="a">Stehrer, Robert</subfield>
    <subfield code="9">5</subfield>
  </datafield>
  <datafield tag="700" ind1="1" ind2=" ">
    <subfield code="a">Vidovic, Hermine</subfield>
  </datafield>
  <datafield tag="830" ind1=" " ind2="0">
    <subfield code="v">2</subfield>
    <subfield code="w">WIIW0000108</subfield>
    <subfield code="t">wiiw Research Reports in German Language</subfield>
  </datafield>
  <datafield tag="856" ind1="4" ind2="0">
    <subfield code="u">https://wiiw.ac.at/p-3660.html</subfield>
  </datafield>
  <datafield tag="942" ind1=" " ind2=" ">
    <subfield code="c">P</subfield>
  </datafield>
  <datafield tag="999" ind1=" " ind2=" ">
    <subfield code="c">8585</subfield>
    <subfield code="d">8585</subfield>
  </datafield>
  <datafield tag="952" ind1=" " ind2=" ">
    <subfield code="0">0</subfield>
    <subfield code="1">0</subfield>
    <subfield code="4">0</subfield>
    <subfield code="7">0</subfield>
    <subfield code="a">BIB</subfield>
    <subfield code="b">BIB</subfield>
    <subfield code="c">1</subfield>
    <subfield code="d">2015-10-14</subfield>
    <subfield code="i">pwiiw3660</subfield>
    <subfield code="l">0</subfield>
    <subfield code="p">1000010003660</subfield>
    <subfield code="r">2015-10-14 00:00:00</subfield>
    <subfield code="w">2018-11-21</subfield>
    <subfield code="y">P</subfield>
  </datafield>
</record>
